000 01586cam a2200325 a 4500
999 _c1871
_d1871
001 1669684
003 OSt
005 20230213112814.0
008 220414s2020 enk j 000 f eng c
020 _a9781471409127
_q(paperback)
020 _a1471409120
_q(paperback)
040 _aAU@
_beng
_cAU@
_dPVY
_dKH8
042 _anbic
082 0 _aFIC ACE
100 1 _aAcevedo, Elizabeth,
_eauthor.
245 1 0 _aClap when you land /
_cElizabeth Acevedo.
260 _aLondon :
_bHot Key Books,
_c2020.
300 _a416 pages ;
_c20 cm.
336 _atext
_btxt
_2rdacontent.
337 _aunmediated
_bn
_2rdamedia.
338 _avolume
_bnc
_2rdacarrier.
520 _aCamino Rios lives for the summers when her father visits her in the Dominican Republic. But this time, on the day when his plane is supposed to land, Camino arrives at the airport to see crowds of crying people. In New York City, Yahaira Rios is called to the principal's office, where her mother is waiting to tell her that her father, her hero, has died in a plane crash. Separated by distance -- and Papi's secrets -- the two girls are forced to face a new reality in which their father is dead and their lives are forever altered. And then, when it seems like they've lost everything of their father, they learn of each other.
650 0 _aAircraft accidents
_vJuvenile fiction.
650 0 _aSisters
_vJuvenile fiction.
650 0 _aFamilies
_vJuvenile fiction.
650 0 _aGrief
_vJuvenile fiction.
650 0 _aParents
_xDeath
_vJuvenile fiction.
650 0 _aYoung adult fiction.
942 _2ddc
_cFIC